Films commençant par D par images - Statistiques

Statistiques générales
  • Ce quiz a été pris 2 484 fois
    2 474 depuis la dernière actualisation
  • Le résultat moyen est 12 sur 24
Statistiques - réponses
Par images Réponse % Correct
Dumbo
97%
Dune
94%
Les Dents de la mer
91%
Le Dîner de cons
90%
Doctor Strange
83%
Dirty Dancing
82%
Dunkerque
71%
Django Unchained
65%
Da Vinci Code
62%
Divergente
60%
Dinosaure
52%
Dalida
46%
Didier
46%
Les Demoiselles de Rochefort
46%
Dumb et Dumber
37%
Dikkenek
34%
Deux Frères
31%
Le Daim
17%
Dallas Buyers Club
15%
De Rouille et d'Os
14%
The Danish Girl
14%
Danse avec les loups
13%
Des Hommes et des Dieux
8%
Deux jours à tuer
2%
Aucun quiz correspondant
Distribution des résultats
% des personnes avec chaque résultat
Percentile par nombre de réponses
Votre historique - résultats
Vous n’avez pas pris ce quiz depuis la dernière actualisation